• 首页
  • 本馆介绍
  • 公告通知
  • 最新文献
  • 馆藏检索
  • 电子资源
  • 读者导购
  • 参考咨询
  • 我的图书馆
  • 登录
  • 详细信息显示
  • 放入我的书架
  • 预约/预借图书
  • 作者相关作品
  • 分类相关作品
  • 丛书相关作品
  • 出版社相关作品

书目信息

  • 表格格式
  • 工作单格式
  • 卡片格式
题名:
还原30个消失的建筑
    
 
作者: 苏山 编著
分册:  
出版信息: 北京   北京工业大学出版社  2014
页数: 256页
开本: 24cm
丛书名:
单 册:
中图分类: TU-091
科图分类:
主题词: 古建筑--世界--普及读物 , 古建筑
电子资源:
ISBN: 978-7-5639-3766-0
000 00841nam0 2200265 450
001 338978
005 20150604093307.85
010    @a978-7-5639-3766-0@dCNY28.00
090    @aTU-0@bss
100    @a20140429d2014 em y0chiy50 ea
101 0  @achi
102    @aCN@b110000
105    @ay z 000yy
106    @ar
200 1  @a还原30个消失的建筑@Ahuan yuan 30 ge xiao shi de jian zhu@f苏山编著
210    @a北京@c北京工业大学出版社@d2014
215    @a256页@d24cm
300    @a文明之约
330    @a本书帮助读者去了解已经消失的30个著名建筑, 以方便人们对建筑艺术与历史有更为深入的了解, 揭示一座座建筑背后的消失故事与真相, 对已经消逝的文明进行深入探究。
606 0  @a古建筑@y世界@j普及读物
606 0  @a古建筑
690    @aTU-091@v5
701  0 @a苏山@Asu shan@4编著
801  0 @aCN@b卓展宏图@c20150525
905    @dTU-091@e110@f4
    
    还原30个消失的建筑/苏山编著.-北京:北京工业大学出版社,2014
    256页;24cm
    文明之约
    
    ISBN 978-7-5639-3766-0:CNY28.00
    本书帮助读者去了解已经消失的30个著名建筑, 以方便人们对建筑艺术与历史有更为深入的了解, 揭示一座座建筑背后的消失故事与真相, 对已经消逝的文明进行深入探究。
●
相关链接 在E读中查询图书 在五车中查询图书 在当当中查询图书 在豆瓣中查询图书


正题名:还原30个消失的建筑     索取号:TU-091/110         预约/预借

序号 登录号 条形码 馆藏地/架位号 状态 备注
1 858769   208587698   第二样本阅览室/ [索取号:TU-091/110] 在馆    
2 858770   208587705   第三借阅区/ [索取号:TU-091/110] 在馆    
3 858771   208587714   第三借阅区/ [索取号:TU-091/110] 在馆    
4 858772   208587723   第三借阅区/ [索取号:TU-091/110] 在馆    
唐山师范学院图书馆 欢迎您!
大连网信软件有限公司© 版权所有